000 01523nam0a22002651 4500
001 v19\rc\1621680
005 20260407012432.0
035 _a(NLR Aleph) 004739074
090 _a4484383
_c4484383
100 _a20061002d1898 |||y0rusy50 ca
101 0 _arus
102 _aRU
105 _ay b |||||
200 1 _aЖурнал общего собрания членов [8-го февраля 1898 года] и Отчет о деятельности Комитета Общества Красного креста по Рязанской общине сестер милосердия во имя св. великомученицы Екатерины за 1897 год
210 _aРязань
_d1898
215 _a25 с.
_d22
316 _aЭкз. РНБ (18.310.7.161): деф.: отсутствует с. 7-10
_5NLR: 18.310.7.161
532 1 1 _aЖурнал общего собрания членов восьмого февраля 1898 года и Отчет о деятельности Комитета Общества Красного креста по Рязанской общине сестер милосердия во имя св. великомученицы Екатерины за 1897 год
710 0 2 _aРязанская община сестер милосердия во имя св. Екатерины
_3RU\NLR\AUTH\8810000230
_9497622
801 0 _aRU
_bNLR
_gpsbo
801 0 _aRU
_bRuMoRGB
_2psbo
801 1 _aRU
_bProSoft-M
_2rusmarc
852 _aNLR
_j18.310.7.161
942 _cBOOK
980 _aNB